Quelle est (était) la taille de ces personnalités 1 - Statistiques

Statistiques générales
  • Ce quiz a été pris 70 fois
  • Le résultat moyen est 3 sur 20
Statistiques - réponses
Hint Réponse % Correct
Eric Antoine 2,07 m
58%
Emmanuel Macron 1,73 m
44%
André Bouchet (Passe-Partout) 1,20 m
42%
Michel Cymes 1,85 m
24%
Michel Petrucciani 0,91 m
23%
Florent Manaudou 1,99 m
19%
Stromae 1,88 m
16%
Sophie Favier 1,69 m
15%
Robert Lamoureux 1,82 m
15%
Mika 1,95 m
15%
Nelson Mandela 1,92 m
13%
France Gall 1,50 m
11%
Louis de Funès 1,58 m
8%
Romy Schneider 1,61 m
8%
Audrey Lamy 1,65 m
8%
Thierry Le Luron 1,61 m
5%
Michel Drucker 1,65 m
3%
Coluche 1,69 m
3%
Mireille Darc 1,71 m
3%
Françoise Hardy 1.79 m
0%
Aucun quiz correspondant
Distribution des résultats
% des personnes avec chaque résultat
Percentile par nombre de réponses
Votre historique - résultats
Vous n’avez pas pris ce quiz